| 000 | 00762nam a22002057a 4500 | ||
|---|---|---|---|
| 005 | 20241129150434.0 | ||
| 010 | _aENG-142731 | ||
| 020 |
_a9789393766182 _c220.00 |
||
| 035 | _aEN-126263 | ||
| 037 | _bDBAD | ||
| 082 | _a006.3 | ||
| 100 |
_aLohia, Rajesh _974415 |
||
| 245 |
_aMastering The Artificial Intelligence (AI) Skills For Professionals/ _bBy Rajesh Lohia |
||
| 250 | _a1 | ||
| 260 |
_aMadhya Pradesh _bXcess Infostore Pvt. Ltd. _c2023 |
||
| 270 |
_a213, Silver Mall , Block B,8/A,R.N.T. Marg, Indore _bMadhya Pradesh _e452001 _k9826012052 _k94794724245 _minfo@xcessbooks.com |
||
| 300 |
_a146p. _c21cm(pb) |
||
| 500 | _a• Company Secretaries • Chartered Accountants, and • Cost Accountants | ||
| 942 |
_2ddc _cEN _h006.3 _mLOH |
||
| 999 |
_c207251 _d207251 |
||